Detalles MARC
| 000 -ENCABEZADO |
| Número de control [NR] |
03674nam a2200349Ia 4500 |
| 005 - FECHA Y HORA DE LA ÚLTIMA TRANSACCIÓN |
| control field |
20140804143358.0 |
| 008 - DE LONGITUD FIJA DE DATOS DE ELEMENTOS - INFORMACIÓN GENERAL |
| Elementos de longitud fija [NR] |
130821s2000 xxu g q mlfre d |
| 040 ## - FUENTE DE CATALOGACION [NR] |
| Agencia de catalogación original [NR] |
CO-BoUCM |
| Idioma de catalogación [NR] |
spa |
| Quien Cataloga |
|
| Quien Clasifica |
[Nuevo] |
| 041 ## - CODIGO DE IDIOMA [R] |
| Código de idioma para texto/pista de sonido o título separado [R] |
Francés |
| 092 ## - SIGNATURA TOPOGRAFICA LOCAL |
| Número de clasificación local |
DVD 0068 |
| 245 00 - MENCION DE TITULO [NR] |
| Título [NR] |
Amores perros |
| Mención de responsabilidad, etc. [NR] |
Alejandro González Iñárritu, director |
| Medio físico [NR] |
[DVD] |
| 260 ## - PUBLICACION, DISTRIBUCION, ETC. (PIE DE IMPRENTA) [R] |
| Lugar de publicación, distribución, etc. [R] |
Los Ángeles (California, Estados Unidos) |
| Nombre del editor, distribuidor, etc. [R] |
Altavista Films |
| Fecha de publicación, distribución, etc. [R] |
2000 |
| 300 ## - DESCRIPCION FISICA [R] |
| Extensión [R] |
1 DVD, 153 minutos |
| Otros detalles físicos [NR] |
imagen, sonido, color |
| 500 ## - NOTA GENERAL [R] |
| Nota general [NR] |
SINOPSIS : Ciudad de Mexico, un fatal accidente automovilístico. Tres vidas chocan entre sí y nos revelan lo perro de la naturaleza humana. Octavio, un joven adolescente, decide fugarse con Susana, la esposa de su hermano. El Cofi, su perro, se convierte en un cruel vehículo para conseguir el dinero necesario para poder escapar juntos, complicando aún más un conmovedor triángulo pasional en donde el amor clandestino se convierte en un camino sin retorno. Al mismo tiempo, Daniel un hombre de 42 años, deja a su esposa y a sus hijas para irse a vivir con Valeria, una hermosa modelo. el mismo día en que ambos festejan su nueva vida, el destino conduce a Valeria a ser embestida brutalmente en el trágico accidente. ¿qué hace un hombre que cree tenerlo todo y un solo instante le cambia la vida?. Daniel y Valeria bajarán a sus propios infiernos en donde Richi, el pequeño perro de Valeria, atrapado debajo de la duela de su departamento, será la metáfora perfecta para una historia de amor que asume dignamente las consecuencias del desencanto y la desesperación. Por ultimo, al lugar del accidente llega el chivo, un exguerrillero comunista que después de purgar varios años de carcel y decepcionado de la vida, se dedica a asesinar a sueldo. Ahí se encuentra moribundo al Cofi, el perro de Octavio, al cual se roba y cura. Paradójicamente este encuentro le abre la posibilidad de reconciliarse consigo mismo y con su doloroso pasado. Una película excitante de intensas emociones sobre la redención y sobre la vulnerable y compleja experiencia humana. Jamás una película había reflejado con tanto realismo y crudeza, el caos de la ciudad más grande y poblada del mundo. La ciudad de México. El círculo nunca se cierra: el dolor es también un camino hacia la esperanza |
| 508 ## - NOTA DE CREDITOS DE CREACION/PRODUCCION [R] |
| Nota de créditos de creación/producción [NR] |
CRÉDITOS: Dirigida y producida por Alejandro González Iñárritu ; escrita por Guillermo Arriaga Jordán ; música por Gustavo Santaolalla ; fotografía por Rodrigo Prieto ; diseño de producción por Brigitte Broch ; dirección de arte por Melo Hinojosa ; ambientación por Julieta Álvarez ; vestuario por Gabriela Diaque ; maquillaje por Gabriel Solana |
| 511 0# - NOTA DE PARTICIPANTE O INTERPRETE [R] |
| Nota de participante o intérprete [NR] |
REPARTO: Emilio Echevarría, Gael García Bernal, Goya Toledo, Álvaro Guerrero, Vanessa Bauche, Jorge Salinas, Marco Pérez, Rodrigo Murray, Humberto Busto, Gerardo Campbell |
| 546 ## - NOTA DE IDIOMA [R] |
| Nota de idioma [NR] |
Audio en español y francés. Subtítulos en inglés y francés |
| 650 04 - ASIENTO SECUNDARIO DE MATERIA - TERMINO TEMATICO [R] |
| Término temático o nombre geográfico como elemento de entrada [NR] |
Amor en el cine |
| Subdivisión de forma [R] |
DVD |
| 9 (RLIN) |
57043 |
| 650 04 - ASIENTO SECUNDARIO DE MATERIA - TERMINO TEMATICO [R] |
| Término temático o nombre geográfico como elemento de entrada [NR] |
Entretenimiento |
| 9 (RLIN) |
26487 |
| 650 04 - ASIENTO SECUNDARIO DE MATERIA - TERMINO TEMATICO [R] |
| Término temático o nombre geográfico como elemento de entrada [NR] |
Padres e hijos |
| Subdivisión de forma [R] |
DVD |
| 9 (RLIN) |
20984 |
| 650 04 - ASIENTO SECUNDARIO DE MATERIA - TERMINO TEMATICO [R] |
| Término temático o nombre geográfico como elemento de entrada [NR] |
Películas cinematográficas |
| Subdivisión geográfica [R] |
México |
| Subdivisión de forma [R] |
DVD |
| 9 (RLIN) |
7903 |
| 650 04 - ASIENTO SECUNDARIO DE MATERIA - TERMINO TEMATICO [R] |
| Término temático o nombre geográfico como elemento de entrada [NR] |
Relaciones familiares |
| Subdivisión de forma [R] |
DVD |
| 9 (RLIN) |
8041 |
| 650 04 - ASIENTO SECUNDARIO DE MATERIA - TERMINO TEMATICO [R] |
| Término temático o nombre geográfico como elemento de entrada [NR] |
Sociología |
| 9 (RLIN) |
24766 |
| 650 04 - ASIENTO SECUNDARIO DE MATERIA - TERMINO TEMATICO [R] |
| Término temático o nombre geográfico como elemento de entrada [NR] |
Violencia en el cine |
| Subdivisión geográfica [R] |
México |
| Subdivisión de forma [R] |
DVD |
| 9 (RLIN) |
26277 |
| 650 04 - ASIENTO SECUNDARIO DE MATERIA - TERMINO TEMATICO [R] |
| Término temático o nombre geográfico como elemento de entrada [NR] |
Violencia |
| 9 (RLIN) |
26272 |
| 700 1# - ASIENTO SECUNDARIO - NOMBRE PERSONAL [R] |
| Nombre personal [NR] |
González Iñárritu, Alejandro |
| Término de relación [R] |
director |
| 9 (RLIN) |
63554 |
| 710 2# - ASIENTO SECUNDARIO - NOMBRE CORPORATIVO [R] |
| Nombre corporativo o de jurisdicción como elemento de entrada [NR] |
Altavista Films |
| 9 (RLIN) |
63555 |
| 710 2# - ASIENTO SECUNDARIO - NOMBRE CORPORATIVO [R] |
| Nombre corporativo o de jurisdicción como elemento de entrada [NR] |
Zeta Film |
| 9 (RLIN) |
63556 |
| 765 0# - ASIENTO DE IDIOMA ORIGINAL [R] |
| Título [NR] |
Amores Perros |
| 856 40 - LOCALIZACION Y ACCESO ELECTRONICOS [R] |
| Identificador Uniforme del Recurso (“URI”) [R] |
<a href="http://www.youtube.com/watch?v=5uZwm56sC8k">http://www.youtube.com/watch?v=5uZwm56sC8k</a> |
| Nota dirigida al público [R] |
Siga este enlace para ver el trailer |
| -- |
Trailer tomado del canal CGHomeVideo vía YouTube.com |
| 942 ## - ELEMENTOS DE ENTRADA AGREGADOS (KOHA) |
| Koha item type |
Multimedia |
| Source of classification or shelving scheme |
LOCAL |
| Tema principal |
Entretenimiento |
| Edition |
1 |
| Classification part |
DVD 0068 |